Instituciones sin fines de lucro prestadoras de servicios de salud (Registro nro. 15691)

Detalles MARC
000 -LEADER
fixed length control field 00342 a2200109 4500
001 - CONTROL NUMBER
control field ART_31374
005 - DATE AND TIME OF LATEST TRANSACTION
control field 20260410161707.0
008 - FIXED-LENGTH DATA ELEMENTS--GENERAL INFORMATION
fixed length control field 260409a
100 1# - MAIN ENTRY--PERSONAL NAME
Personal name Iacomucci, Norma H.
245 10 - TITLE STATEMENT
Title Instituciones sin fines de lucro prestadoras de servicios de salud
773 0# - HOST ITEM ENTRY
Title Revista Impuestos
Related parts - Nº 10 (may. 2007)
Record control number REV639

No hay ítems disponibles.